|
|
|
|
| LEADER |
01189nam a2200349 a 4500 |
| 001 |
000781832 |
| 003 |
CZ BrMZK |
| 005 |
20050829082134.0 |
| 007 |
ta |
| 008 |
050711s2003 xr a gr 000 f cze c |
| 015 |
|
|
|a cnb001308211
|
| 020 |
|
|
|a 80-86160-83-1
|q (váz.)
|
| 040 |
|
|
|a CBA001
|b cze
|d ABA001
|d BOA001
|
| 043 |
|
|
|a e-xr---
|b e-xr-cc
|b e-xr-mr
|2 czenas
|
| 072 |
|
7 |
|a 821.162.3-3
|x Česká próza
|2 Konspekt
|9 25
|
| 080 |
|
|
|a 821.162.3-34
|2 MRF
|
| 080 |
|
|
|a (437.31)
|2 MRF
|
| 080 |
|
|
|a (437.32)
|2 MRF
|
| 080 |
|
|
|a (0:82-34)
|2 MRF
|
| 100 |
1 |
|
|a Lev, František,
|d 1948-
|7 xx0000991
|4 aut
|
| 245 |
1 |
0 |
|a Zapomenuté pověsti /
|c František Lev ; ilustrace Jaroslav Černý
|
| 260 |
|
|
|a Praha :
|b Agave,
|c 2003
|
| 300 |
|
|
|a 254 s. :
|b il. ;
|c 22 cm
|
| 655 |
|
7 |
|a české pověsti
|7 fd201456
|2 czenas
|
| 655 |
|
7 |
|a moravské pověsti
|7 fd201457
|2 czenas
|
| 651 |
|
7 |
|a Morava (Česko)
|7 ge130070
|2 czenas
|
| 651 |
|
7 |
|a Čechy (Česko)
|7 ge135869
|2 czenas
|
| 700 |
1 |
|
|a Černý, Jaroslav,
|d 1904-1984
|7 ola2003201041
|4 ill
|
| 910 |
|
|
|a BOA001
|b 2-1155.252
|
| 990 |
|
|
|a BK
|
| 991 |
|
|
|b 200508
|
| 996 |
6 |
|
|b 2610255448
|c 2-1155.252
|l MZK
|r Sklad / do 1 hodiny
|n 2
|p p.v.
|w 000781832
|u 000010
|a 1
|e BOA001
|j MZK50
|s P
|